000 00466nam a2200181Ia 4500
003 OSt
005 20230519053603.0
008 210423s2000 xx 000 0 und d
040 _cAL
041 _aeng
082 _a303.4
_223
_bSHAS
100 _aSHARMA (K L).
_9109229
245 _aSocial stratification and mobility.
260 _aJaipur
_bRawat Publications
_c2000
365 _b500
_cINR
906 _amobility ; Social ; stratification
942 _2ddc
_cBK
999 _c172503
_d172503